000 02200nam0a2200385 4500
001 RU\NLR\BIBL_A\016350846
005 20230704115216.0
010 _a978-5-93618-306-5
_91000
021 _aRU
_bКН-П-23-018367
_9КН-П-23-1834
035 _a(NLR Aleph) 016350846
035 _a(RuMoRGB)011670037
090 _a13120451
_c13120451
100 _a20230420d2023 k y0rusy50 ca
101 0 _arus
102 _aRU
105 _aa z 000zy
181 0 _ai3
_baxxe
182 0 _an
200 1 _aОсобенности современной таможенно-тарифной политики на евразийском пространстве
_eколлективная монография
_fР. М. Шафиев, Д. В. Стефановский, А. М. Галицына, Ю. Ю. Павлова
203 _aТекст
_bвизуальный
_cнепосредственный
210 _aМосква
_cИздательский центр Института экономических стратегий
_cИздательский центр Русского биографического институт
_d2023
215 _a110 с.
_cил., табл.
_d21
320 _aБиблиогр.: с. 106-110 (47 назв.) и в подстроч. примеч.
601 0 2 _aЕвразийский экономический союз
_bТаможенный союз
_92487260
_3RU\NLR\AUTH\6601692353
606 1 _aТаможенные тарифы
_yСтраны Евразийского экономического союза
_92404869
_3RU\NLR\AUTH\6601652767
686 1 _aУ43(2)-184
686 1 _aХ621.9(2)165.203.1
701 1 _aШафиев
_bР. М.
_gРуслан Мустакимович
701 1 _aСтефановский
_bД. В.
_gДмитрий Владимирович
701 1 _aГалицына
_bА. М.
_gАнастасия Михайловна
701 1 _7ca
_8rus
_aПавлова
_bЮ. Ю.
_cэкономист, таможенное администрирование
_gЮлия Юрьевна
_9257341
_3RU\NLR\AUTH\770257397
942 _cBOOK
980 _aNB